Follow the Science to School: Evidences-based Practices for Elementary Education. (Record no. 4357)

MARC details
005 - DATE AND TIME OF LATEST TRANSACTION
control field 20250619073921.0
020 ## - INTERNATIONAL STANDARD BOOK NUMBER
International Standard Book Number 978-1-915261-02-1
082 ## - DEWEY DECIMAL CLASSIFICATION NUMBER
Classification number 372.35 PET
245 ## - TITLE STATEMENT
Title Follow the Science to School: Evidences-based Practices for Elementary Education.
260 ## - PUBLICATION, DISTRIBUTION, ETC.
Place of publication, distribution, etc. Woodbridge,
Name of publisher, distributor, etc. John Catt,
Date of publication, distribution, etc. 2022.
300 ## - PHYSICAL DESCRIPTION
Extent 151p.: ill.;
Dimensions 20cm
700 ## - ADDED ENTRY--PERSONAL NAME
Other authors/Editors PETRILLI, M. J. & DAVIDSON, B. & CARROLL, K.
856 ## - ELECTRONIC LOCATION AND ACCESS
Link text Access Online Book
Electronic name Science to School
Path www.johncatt.com
942 ## - ADDED ENTRY ELEMENTS (KOHA)
Source of classification or shelving scheme Dewey Decimal Classification
Koha item type Books
Holdings
Date last seen Total checkouts Full call number Barcode Cost, replacement price Price effective from Koha item type Lost status Source of classification or shelving scheme Damaged status Not for loan Withdrawn status Home library Current library Shelving location Date acquired Cost, normal purchase price
06/19/2025   372.35 PET 00000010954 90600.00 06/19/2025 Books   Dewey Decimal Classification       College of Business Education Main Library College of Business Education Main Library General Collection 04/04/2025 30200.00